Đo lường mức độ sẵn lòng chi trả của hộ gia đình để cải thiện chất lượng môi trường tại thành phố Vĩnh Yên, tỉnh Vĩnh Phúc /
Tallennettuna:
| Päätekijä: | |
|---|---|
| Muut tekijät: | |
| Aineistotyyppi: | Artikkeli |
| Kieli: | Vietnamese |
| Aiheet: | |
| Tagit: |
Lisää tagi
Ei tageja, Lisää ensimmäinen tagi!
|
| Thư viện lưu trữ: | Thư viện Trường Đại học Đà Lạt |
|---|
| LEADER | 00980nam a2200313 4500 | ||
|---|---|---|---|
| 001 | DLU130155955 | ||
| 005 | ##20131101 | ||
| 040 | # | # | |a DLU |b vie |
| 041 | # | # | |a vie |
| 044 | # | # | |a vn |
| 100 | # | # | |a Đinh Đức Trường. |
| 245 | # | # | |a Đo lường mức độ sẵn lòng chi trả của hộ gia đình để cải thiện chất lượng môi trường tại thành phố Vĩnh Yên, tỉnh Vĩnh Phúc / |c Đinh Đức Trường, Lê Hà Thanh. |
| 653 | # | # | |a Đóng góp |
| 653 | # | # | |a Ô nhiễm không khí |
| 653 | # | # | |a Bảo vệ môi trường |
| 653 | # | # | |a Hệ thống thoát nước |
| 653 | # | # | |a Hộ gia đình |
| 653 | # | # | |a Xử lí nước thải |
| 653 | # | # | |a Xử lí rác thải |
| 700 | # | # | |a Lê Hà Thanh. |
| 773 | # | # | |t Kinh tế và phát triển |g Số 194, 2013, tr. 38-48 |
| 994 | # | # | |a DLU |
| 900 | # | # | |a True |
| 911 | # | # | |a Hoàng Thị Huyền |
| 925 | # | # | |a G |
| 926 | # | # | |a A |
| 927 | # | # | |a BB |
| 980 | # | # | |a Thư viện Trường Đại học Đà Lạt |